UK or France? Quiz Stats

 Plays Quiz Updated Jun 30, 2015

Also try: US or UK?
Challenge
Share
Tweet
Embed
Score 0/40 Timer 07:00
3 Plays Today
Which country... U/F % Correct
is the origin of the baguette????
88.4%
had 18 kings called Louis????
87.8%
has a glass pyramid as the entrance to one of its most popular museums????
87.1%
is the origin of Dijon mustard????
86.7%
are you in if 'you are never more than 70 miles from coast'????
85.5%
was the setting of Disney's 1991 film Beauty and the Beast????
84.2%
has dependencies that include all of the Channel Islands, that lie in the English Channel between Great Britain and France????
82.8%
has a law banning naming a pig Napoleon????
82.4%
has a ban on 'wearing face-covering headgear' in public????
81.7%
has a major airport named after a World War II leader????
80.7%
has won the Rugby World Cup more times? (Count the UK as the total of its constituent nations)???
80.3%
did the country of Mauritania get its independence from in 1960????
79.2%
is home to the coastal city of Brest????
79.1%
has won more Olympic medals? (Take UK as Great Britain team)???
78.8%
has a ban on MPs wearing armour in Parliament????
77.1%
was one of the founding countries of the European Union????
75%
has the longest pier in the world????
74%
has a most widely spoken language (English and French respectively) that is an official language in a greater number of countries????
73%
has a higher number of billionaires based there????
72.4%
has the larger stadium????
72.3%
Which country... U/F % Correct
has the higher teenage pregnancy rate????
72%
suffered a greater total number of casualties in both world wars????
67.5%
has a resident holding the Guinness World Record for most spray tans in an hour????
67.4%
has the higher number of tourists per year????
66.3%
is the larger producer of oil????
66.1%
does the band Depeche Mode hail from????
64%
has a longer river flowing through its capital city????
63.8%
is the origin of Caerphilly cheese????
63%
has a capital city that lies further East????
62.3%
has a city higher on the Mercer Quality of living survey????
58%
has the greater number of Nobel laureates????
57.9%
has won the UEFA European Championships more times? (Count the UK as the total of its constituent nations)???
54.7%
has a mainland with a point that lies the further west????
54.1%
has a higher number of UNESCO world heritage sites????
51.6%
has the taller freestanding structure????
49.8%
has the longer journey time when driving between the most northernly and southernly points of their mainlands????
49.5%
has won the Eurovision Song contest more recently????
43%
has a town that some historians regard to technically be at war with Russia????
39.3%
has the larger active military????
36.8%
has the higher GDP (nominal) per capita????
31%

You're not logged in!

Compare scores with friends on all Sporcle quizzes.
Join for Free
OR
Log In

You Might Also Like...

Show Comments

Extras

Top Quizzes Today


Score Distribution

Your Account Isn't Verified!

In order to create a playlist on Sporcle, you need to verify the email address you used during registration. Go to your Sporcle Settings to finish the process.

Report this User

Report this user for behavior that violates our Community Guidelines.

Details: